Analysis and Simulation of Multiport Systems : The Bond Graph Approach to Physical System Dynamics /

Gespeichert in:
Bibliographische Detailangaben
Hauptverfasser: Karnopp, Dean (Verfasst von), Rosenberg, Ronald (Verfasst von)
Format: Buch
Sprache:Englisch
Veröffentlicht: Cambridge : The M.I.T.Press, 1968
Tags: Tag hinzufügen
Keine Tags, Fügen Sie das erste Tag hinzu!

MARC

LEADER 00000nam a22000003a 4500
001 stu37633
005 20150617225728.4
008 920817s1968----uk------------------eng-d
040 |a STU  |b slo 
041 0 |a eng 
044 |a uk 
100 1 |a Karnopp, Dean  |4 aut 
245 1 |a Analysis and Simulation of Multiport Systems :  |b The Bond Graph Approach to Physical System Dynamics /  |c [aut.]Dean Karnopp, Ronald Rosenberg 
260 |a Cambridge :  |b The M.I.T.Press,  |c 1968 
300 |a 221 s 
700 1 |a Rosenberg, Ronald  |4 aut 
996 |b 284M003443  |c M*4304-1  |l MMKN  |s A  |a 24  |w stu37633_0001